| 000 | 00551nam a2200229Ia 4500 | ||
|---|---|---|---|
| 003 | LK-CoDNM | ||
| 005 | 20240424154905.0 | ||
| 008 | 010623t1953 xxu||||| |||| 00| 1 sin d | ||
| 040 |
_aLK-CoDNM _dLK-CoDNM _eLK-CoDNM |
||
| 041 | _asin | ||
| 080 | _aජ100 | ||
| 245 | _aශ්රී ලංකා | ||
| 246 | _aSri Lanka | ||
| 260 |
_bPravurti Departamentuva _aColombo _c1953 |
||
| 300 | _b30p.,25 cm | ||
| 650 | _aAncient Dress | ||
| 650 | _aBinara | ||
| 650 | _aCotton | ||
| 650 | _aNational Park | ||
| 650 | _aPakistan | ||
| 942 | _cBK | ||
| 999 |
_c103284 _d103284 |
||